[Event "Battle At The Border"]
[Site "Lloydminster CAN"]
[Date "2010.09.04"]
[Round "1.10"]
[White "Drury, Jonathan"]
[Black "Rekhson, Vladislav"]
[Result "0-1"]
[WhiteElo "1593"]
[BlackElo "2179"]
[PlyCount "78"]
[EventDate "2010.09.04"]
[EventType "swiss"]
[EventRounds "5"]
[EventCountry "CAN"]

1. e4 e5 2. Nf3 Nf6 3. Nc3 d6 4. d4 exd4 5. Nxd4 Be7 6. Bd3 Nc6 7. Be3 Ng4 8.
Qd2 Nxe3 9. Qxe3 O-O 10. f4 Bh4+ 11. g3 Bf6 12. Nde2 Nb4 13. a3 Nxd3+ 14. cxd3
b5 15. d4 c6 16. O-O Bh3 17. Rfd1 Qb6 18. Qf3 Be6 19. Kg2 Bb3 20. Rd2 a5 21. a4
b4 22. Nd1 Bc4 23. Rc1 Bxe2 24. Qxe2 Bxd4 25. Rc4 c5 26. Ne3 Bxe3 27. Qxe3 Qc6
28. b3 Rfe8 29. Qf3 Rad8 30. Rd5 g6 31. g4 Re6 32. e5 Rde8 33. Rxd6 Rxd6 34.
exd6 Qxd6 35. Qf2 Qd5+ 36. Kg3 Qd3+ 37. Kh4 Re3 38. Rxc5 Rh3+ 39. Kg5 Qd8# 0-1

[Event "Battle At The Border"]
[Site "Lloydminster CAN"]
[Date "2010.09.04"]
[Round "1.11"]
[White "Yearwood, Roy"]
[Black "Xiao, Jason"]
[Result "1-0"]
[WhiteElo "2162"]
[BlackElo "1321"]
[PlyCount "93"]
[EventDate "2010.09.04"]
[EventType "swiss"]
[EventRounds "5"]
[EventCountry "CAN"]

1. e4 c5 2. Nc3 Nc6 3. f4 e6 4. Nf3 a6 5. g3 Nge7 6. Bg2 b5 7. d4 cxd4 8. Nxd4
Nxd4 9. Qxd4 Nc6 10. Qf2 d6 11. Be3 Bb7 12. O-O Be7 13. Rad1 O-O 14. Bb6 Qc8
15. Rd3 Nb8 16. g4 Nd7 17. Be3 b4 18. Na4 e5 19. f5 Qc6 20. b3 Rac8 21. g5 Qxc2
22. Rd2 Qc7 23. f6 gxf6 24. Nb6 fxg5 25. Nxc8 Bxc8 26. Rc2 Nc5 27. Qd2 Qb6 28.
Kh1 h6 29. h4 f6 30. hxg5 fxg5 31. Qd5+ Be6 32. Rxf8+ Bxf8 33. Qxe6+ Nxe6 34.
Bxb6 Nf4 35. Ba5 h5 36. Bxb4 h4 37. Bf3 Nd3 38. Ba5 Kg7 39. Bg4 Be7 40. Kh2 Kf6
41. Rd2 Nc5 42. Rf2+ Kg7 43. Re2 Kf6 44. Re3 Nxe4 45. Rxe4 d5 46. Re1 e4 47.
Bc3+ 1-0

[Event "Battle At The Border"]
[Site "Lloydminster CAN"]
[Date "2010.09.04"]
[Round "1.12"]
[White "Reynoldson, Nigel"]
[Black "Willis, Bradley"]
[Result "0-1"]
[WhiteElo "1302"]
[BlackElo "2130"]
[PlyCount "86"]
[EventDate "2010.09.04"]
[EventType "swiss"]
[EventRounds "5"]
[EventCountry "CAN"]

1. e4 e6 2. d4 d5 3. exd5 exd5 4. Nc3 c6 5. Bd3 Bd6 6. Nf3 Bg4 7. h3 Bh5 8. Be3
Nd7 9. Qe2 Ne7 10. g4 Bg6 11. h4 Qb6 12. Bd2 O-O-O 13. O-O-O Rhe8 14. Rde1 Qc7
15. Bxg6 hxg6 16. Ng5 Rf8 17. Qf3 Nf6 18. Nh3 Rde8 19. Bg5 Neg8 20. Bf4 Bxf4+
21. Nxf4 Qd7 22. g5 Qg4 23. Qh3 Qxh3 24. Nxh3 Nd7 25. Nf4 Ne7 26. Kd2 Nf5 27.
Nce2 Rh8 28. h5 gxh5 29. Rxh5 Rxh5 30. Nxh5 g6 31. Nhg3 Nh4 32. Ng1 Rxe1 33.
Kxe1 Nf8 34. c3 Ne6 35. Ke2 Nxg5 36. f4 Ne6 37. Nh3 Kd7 38. Ke3 Ke7 39. b3 Kf6
40. c4 Nf5+ 41. Nxf5 Kxf5 42. c5 f6 43. a4 a5 0-1

[Event "Battle At The Border"]
[Site "Lloydminster CAN"]
[Date "2010.09.04"]
[Round "2.5"]
[White "Sequillion, Aaron"]
[Black "Yoos, John"]
[Result "1/2-1/2"]
[WhiteElo "2074"]
[BlackElo "2444"]
[PlyCount "35"]
[EventDate "2010.09.04"]
[EventType "swiss"]
[EventRounds "5"]
[EventCountry "CAN"]

1. e4 c5 2. Nf3 d6 3. d4 Nf6 4. Nc3 cxd4 5. Nxd4 Nc6 6. Bg5 a6 7. Qd2 Qb6 8.
Nb3 e6 9. Be2 Bd7 10. O-O Be7 11. Kh1 Qc7 12. Rad1 Na5 13. Nxa5 Qxa5 14. Bf4
Bc6 15. Bxd6 Bxd6 16. Qxd6 Nxe4 17. Nxe4 Bxe4 18. b4 1/2-1/2

[Event "Battle At The Border"]
[Site "Lloydminster CAN"]
[Date "2010.09.04"]
[Round "2.7"]
[White "Daniluk, Jim"]
[Black "MacKinnon, Keith"]
[Result "1/2-1/2"]
[WhiteElo "2022"]
[BlackElo "2300"]
[PlyCount "41"]
[EventDate "2010.09.04"]
[EventType "swiss"]
[EventRounds "5"]
[EventCountry "CAN"]

1. d4 Nf6 2. c4 e6 3. g3 d5 4. Nf3 dxc4 5. Bg2 a6 6. Ne5 c5 7. Na3 cxd4 8.
Naxc4 Ra7 9. O-O Bc5 10. b4 Be7 11. Bb2 b5 12. Bxd4 Rc7 13. Na5 Nd5 14. a3 f6
15. Nf3 Nc6 16. Nxc6 Rxc6 17. Qd2 O-O 18. Rac1 Bb7 19. Rxc6 Bxc6 20. Rc1 Bb7
21. Bc5 1/2-1/2

[Event "Battle At The Border"]
[Site "Lloydminster CAN"]
[Date "2010.09.04"]
[Round "2.10"]
[White "Drury, Jonathan"]
[Black "Zeggelaar, Mike"]
[Result "0-1"]
[WhiteElo "1593"]
[BlackElo "1972"]
[PlyCount "66"]
[EventDate "2010.09.04"]
[EventType "swiss"]
[EventRounds "5"]
[EventCountry "CAN"]

1. e4 d5 2. exd5 Nf6 3. Nf3 Nxd5 4. c4 Nf6 5. d4 g6 6. Nc3 Bg7 7. h3 Nbd7 8.
Be3 O-O 9. Qd2 Re8 10. O-O-O c6 11. Bh6 Bh8 12. g4 Qa5 13. Kb1 c5 14. Nb5 Qb6
15. dxc5 Nxc5 16. Be3 Nfe4 17. Qc2 a6 18. Qxe4 axb5 19. Qd5 Qa5 20. a3 Bf5+ 21.
gxf5 Rad8 22. Qxd8 Rxd8 23. Rxd8+ Qxd8 24. Bxc5 Qd1+ 25. Ka2 Qxf3 26. Rh2 Qd1
27. Bxe7 Qxf1 28. f4 Qxc4+ 29. Ka1 Qc1+ 30. Ka2 Qxf4 31. Rc2 h5 32. fxg6 fxg6
33. h4 Qf7+ 0-1

[Event "Battle At The Border"]
[Site "Lloydminster CAN"]
[Date "2010.09.04"]
[Round "2.11"]
[White "Steele, Len"]
[Black "Xiao, Jason"]
[Result "1/2-1/2"]
[WhiteElo "1925"]
[BlackElo "1321"]
[PlyCount "63"]
[EventDate "2010.09.04"]
[EventType "swiss"]
[EventRounds "5"]
[EventCountry "CAN"]

1. Nf3 Nf6 2. g3 g6 3. Bg2 Bg7 4. d4 O-O 5. O-O c6 6. c3 d5 7. Nbd2 Nbd7 8. Re1
c5 9. Nb3 b6 10. Ne5 e6 11. Bg5 cxd4 12. cxd4 Ba6 13. Qd2 Qb8 14. Nxd7 Nxd7 15.
Rac1 Bc4 16. Na1 Qd6 17. b3 Ba6 18. Bf4 Qe7 19. e4 dxe4 20. Bxe4 Rac8 21. Nc2
Rfd8 22. Nb4 Rxc1 23. Rxc1 Nb8 24. Nxa6 Nxa6 25. Qd3 Nc5 26. Qf3 Rxd4 27. Bb1
e5 28. Be3 e4 29. Qe2 Rd8 30. Bxc5 bxc5 31. Qxe4 Qxe4 32. Bxe4 1/2-1/2

[Event "Battle At The Border"]
[Site "Lloydminster CAN"]
[Date "2010.09.04"]
[Round "2.12"]
[White "Reynoldson, Nigel"]
[Black "Bentley, Bill"]
[Result "0-1"]
[WhiteElo "1302"]
[BlackElo "1891"]
[PlyCount "62"]
[EventDate "2010.09.04"]
[EventType "swiss"]
[EventRounds "5"]
[EventCountry "CAN"]

1. e4 e6 2. d4 d5 3. exd5 exd5 4. Nf3 Bd6 5. Nc3 Ne7 6. Bg5 f6 7. Bh4 Nbc6 8.
Bb5 O-O 9. Qd2 a6 10. Bd3 Bf5 11. Bxf5 Nxf5 12. Nxd5 Ncxd4 13. Nxd4 Nxh4 14.
O-O-O Qd7 15. g3 Ng6 16. h4 Ne5 17. h5 Qf7 18. Nf5 Bc5 19. Qc3 Bb6 20. Qb3 Nc6
21. Nxf6+ Kh8 22. Nh4 gxf6 23. Rd7 Qxd7 24. Ng6+ Kg7 25. Nf4 Rae8 26. h6+ Kh8
27. Qf3 Ne5 28. Qh5 Qf7 29. Qf5 Qxa2 30. Kd2 Nc4+ 31. Kc3 Qa5+ 0-1

[Event "Battle At The Border"]
[Site "Lloydminster CAN"]
[Date "2010.09.05"]
[Round "3.4"]
[White "Yoos, John"]
[Black "Daniluk, Jim"]
[Result "1-0"]
[WhiteElo "2444"]
[BlackElo "2022"]
[PlyCount "93"]
[EventDate "2010.09.04"]
[EventType "swiss"]
[EventRounds "5"]
[EventCountry "CAN"]

1. e4 c5 2. Nf3 Nc6 3. d4 cxd4 4. Nxd4 Nf6 5. Nc3 e5 6. Ndb5 d6 7. Bg5 a6 8.
Na3 b5 9. Bxf6 gxf6 10. Nd5 f5 11. Bd3 Be6 12. Qh5 Rg8 13. c3 Rxg2 14. Qf3 Rg4
15. h3 Rh4 16. exf5 Bxd5 17. Qxd5 Ne7 18. Qb7 Bh6 19. f6 Ng8 20. Be4 Rb8 21.
Bc6+ Kf8 22. Qxa6 Rb6 23. Qa8 Qxa8 24. Bxa8 b4 25. cxb4 Ra6 26. Bb7 Rb6 27. Bg2
Rhxb4 28. O-O Nxf6 29. b3 d5 30. Rfd1 Ra6 31. Nc2 Rh4 32. a4 Nh5 33. Ne3 Nf4
34. Nxd5 Ne2+ 35. Kf1 Nd4 36. Rdb1 Nc2 37. Ra2 Nb4 38. Nxb4 Rxb4 39. Bd5 e4 40.
Bc4 Ra5 41. Rd1 Rb7 42. Rd5 Raa7 43. a5 Bf4 44. a6 Rb6 45. Rad2 Re7 46. Rd8+
Kg7 47. R2d4 1-0

[Event "Battle At The Border"]
[Site "Lloydminster CAN"]
[Date "2010.09.05"]
[Round "3.5"]
[White "MacKinnon, Keith"]
[Black "Sequillion, Aaron"]
[Result "1-0"]
[WhiteElo "2300"]
[BlackElo "2074"]
[PlyCount "55"]
[EventDate "2010.09.04"]
[EventType "swiss"]
[EventRounds "5"]
[EventCountry "CAN"]

1. e4 c5 2. Nf3 d6 3. d4 cxd4 4. Nxd4 Nf6 5. Nc3 Nc6 6. Bg5 a6 7. Qd2 Bd7 8.
O-O-O Rc8 9. f4 Qc7 10. Nb3 e6 11. Kb1 b5 12. Bd3 Be7 13. Rhe1 O-O 14. g4 Rfe8
15. Qg2 b4 16. Ne2 a5 17. Qh3 e5 18. f5 a4 19. Nd2 a3 20. b3 Nd4 21. Nc4 Qc5
22. Nxd4 exd4 23. e5 Nd5 24. e6 Bb5 25. f6 Nxf6 26. Bxf6 Bxf6 27. Qxh7+ Kf8 28.
e7+ 1-0

[Event "Battle At The Border"]
[Site "Lloydminster CAN"]
[Date "2010.09.05"]
[Round "3.6"]
[White "Zeggelaar, Mike"]
[Black "Yam, Alex"]
[Result "0-1"]
[WhiteElo "1972"]
[BlackElo "2222"]
[PlyCount "44"]
[EventDate "2010.09.04"]
[EventType "swiss"]
[EventRounds "5"]
[EventCountry "CAN"]

1. e4 d5 2. exd5 Nf6 3. d4 Nxd5 4. c4 Nb6 5. Nc3 e5 6. dxe5 Qxd1+ 7. Kxd1 Nc6
8. Nf3 Bg4 9. Bf4 O-O-O+ 10. Kc1 Bb4 11. c5 Bxc5 12. Ne4 Bxf3 13. gxf3 Bd4 14.
Bh3+ Kb8 15. Ng5 Bxe5 16. Nxf7 Bxf4+ 17. Kb1 Rd2 18. Nxh8 Nc4 19. Kc1 Nd4 20.
Bf1 Rc2+ 21. Kd1 Nxb2+ 22. Ke1 Nxf3# 0-1

[Event "Battle At The Border"]
[Site "Lloydminster CAN"]
[Date "2010.09.05"]
[Round "3.7"]
[White "Rekhson, Vladislav"]
[Black "Bentley, Bill"]
[Result "1-0"]
[WhiteElo "2179"]
[BlackElo "1891"]
[PlyCount "34"]
[EventDate "2010.09.04"]
[EventType "swiss"]
[EventRounds "5"]
[EventCountry "CAN"]

1. e4 e6 2. d4 d5 3. exd5 exd5 4. c4 dxc4 5. Bxc4 Nf6 6. Nf3 Be7 7. O-O O-O 8.
Re1 Nbd7 9. Nc3 Nb6 10. Bb3 c6 11. h3 h6 12. Ne5 Bf5 13. Qf3 Bh7 14. Qg3 Nh5
15. Qg4 Nf6 16. Bxf7+ Rxf7 17. Qe6 Bg6 1-0

[Event "Battle At The Border"]
[Site "Lloydminster CAN"]
[Date "2010.09.05"]
[Round "3.8"]
[White "Pedersen, Rick"]
[Black "Yearwood, Roy"]
[Result "1/2-1/2"]
[WhiteElo "1932"]
[BlackElo "2162"]
[PlyCount "54"]
[EventDate "2010.09.04"]
[EventType "swiss"]
[EventRounds "5"]
[EventCountry "CAN"]

1. e4 d5 2. exd5 Qxd5 3. Nc3 Qd6 4. d4 Nf6 5. Bc4 c6 6. Nf3 Bg4 7. d5 e6 8.
dxe6 Bxe6 9. Qxd6 Bxd6 10. Bxe6 fxe6 11. O-O Na6 12. a3 O-O 13. Re1 Rae8 14.
Ng5 Nc7 15. Nce4 Nxe4 16. Nxe4 Be5 17. c3 b6 18. Be3 Rd8 19. Rad1 Rd5 20. Kf1
h6 21. Ke2 Rf7 22. g3 Rfd7 23. b3 Rxd1 24. Rxd1 Rxd1 25. Kxd1 Nb5 26. c4 Nc3+
27. Nxc3 Bxc3 1/2-1/2

[Event "Battle At The Border"]
[Site "Lloydminster CAN"]
[Date "2010.09.05"]
[Round "3.9"]
[White "Willis, Bradley"]
[Black "Chaisson, Terry"]
[Result "1-0"]
[WhiteElo "2130"]
[BlackElo "1780"]
[PlyCount "87"]
[EventDate "2010.09.04"]
[EventType "swiss"]
[EventRounds "5"]
[EventCountry "CAN"]

1. f4 Nf6 2. b3 g6 3. Bb2 Bg7 4. Nf3 d6 5. e3 c5 6. Be2 a6 7. a4 Nc6 8. O-O O-O
9. Qe1 Bg4 10. d3 Rb8 11. Nbd2 Re8 12. Qh4 e5 13. Rae1 h6 14. Bd1 b5 15. axb5
axb5 16. Bc1 exf4 17. exf4 Bd7 18. h3 Rxe1 19. Rxe1 Nh5 20. Ne4 Bf6 21. Qf2 Be7
22. g4 Ng7 23. Ng3 f5 24. g5 h5 25. Ne2 b4 26. Bb2 Qf8 27. Kh2 Bd8 28. d4 Bc7
29. Nc1 Re8 30. Be2 Nd8 31. Bc4+ Kh7 32. Rxe8 Bxe8 33. dxc5 dxc5 34. Nd3 Nge6
35. Qe3 Bf7 36. Nfe5 Qe7 37. Nxf7 Qxf7 38. Bf6 Qd7 39. Bxd8 Nxd8 40. Nxc5 Qd6
41. Nd3 Nc6 42. Qe8 Ne7 43. Qf8 Bd8 44. Qh6# 1-0

[Event "Battle At The Border"]
[Site "Lloydminster CAN"]
[Date "2010.09.05"]
[Round "3.10"]
[White "Perron, Sean"]
[Black "Achtemichuk, Chris"]
[Result "1-0"]
[WhiteElo "2090"]
[BlackElo "1730"]
[PlyCount "27"]
[EventDate "2010.09.04"]
[EventType "swiss"]
[EventRounds "5"]
[EventCountry "CAN"]

1. e4 e5 2. Nf3 Nc6 3. d4 exd4 4. Nxd4 Qf6 5. Nxc6 Qxc6 6. Bd3 Nf6 7. O-O Bc5
8. e5 Nd5 9. Be4 Ne3 10. Bxe3 Qb6 11. Bxc5 Qxc5 12. Nc3 O-O 13. Re1 c6 14. Qd6
1-0

[Event "Battle At The Border"]
[Site "Lloydminster CAN"]
[Date "2010.09.05"]
[Round "3.11"]
[White "Razzaq, Ali"]
[Black "Janzen, Tyler"]
[Result "1-0"]
[WhiteElo "1975"]
[BlackElo "1694"]
[PlyCount "57"]
[EventDate "2010.09.04"]
[EventType "swiss"]
[EventRounds "5"]
[EventCountry "CAN"]

1. d4 e6 2. Nf3 Nf6 3. e3 c5 4. Bd3 b6 5. O-O Bb7 6. Re1 Ba6 7. c4 d5 8. b3 Nc6
9. Ne5 Nb4 10. Be2 Bd6 11. a3 cxd4 12. exd4 Nc6 13. Nxc6 Qc7 14. Ne5 Rd8 15.
cxd5 Bb7 16. Bb5+ Kf8 17. Bf4 Bxd5 18. Nd2 h5 19. Rc1 Qb7 20. Bc6 Bxc6 21. Nxc6
Bxf4 22. Nxd8 Qb8 23. Nc6 Bxh2+ 24. Kh1 Qf4 25. Qf3 Qh4 26. Qh3 Qxf2 27. Qxh2
Qxd2 28. Qb8+ Ne8 29. Qd8 1-0

[Event "Battle At The Border"]
[Site "Lloydminster CAN"]
[Date "2010.09.05"]
[Round "3.12"]
[White "Danner, Jason"]
[Black "Steele, Len"]
[Result "1-0"]
[WhiteElo "1630"]
[BlackElo "1925"]
[PlyCount "47"]
[EventDate "2010.09.04"]
[EventType "swiss"]
[EventRounds "5"]
[EventCountry "CAN"]

1. e4 b6 2. c4 Bb7 3. Nc3 g6 4. d4 Bg7 5. Nf3 d6 6. Be3 Nd7 7. Qd2 c5 8. d5 a6
9. Bd3 Ndf6 10. h3 Bc8 11. Rb1 Qc7 12. O-O h6 13. b4 Bd7 14. Rfe1 g5 15. bxc5
bxc5 16. Rb3 g4 17. hxg4 Nxg4 18. Bf4 Ne5 19. Nxe5 dxe5 20. Be3 Nf6 21. Qb2 O-O
22. Rb7 Qc8 23. Rb1 Rd8 24. Qb6 1-0

[Event "Battle At The Border"]
[Site "Lloydminster CAN"]
[Date "2010.09.05"]
[Round "3.13"]
[White "Xiao, Jason"]
[Black "Drury, Jonathan"]
[Result "0-1"]
[WhiteElo "1321"]
[BlackElo "1593"]
[PlyCount "60"]
[EventDate "2010.09.04"]
[EventType "swiss"]
[EventRounds "5"]
[EventCountry "CAN"]

1. e4 c5 2. Nf3 e6 3. d4 cxd4 4. Nxd4 Nf6 5. Nc3 Nc6 6. g3 a6 7. Bg2 Bc5 8.
Nde2 Ne5 9. h3 O-O 10. O-O b5 11. a3 Rb8 12. Kh1 Bb7 13. g4 d5 14. Ng3 dxe4 15.
Qxd8 Rfxd8 16. g5 Nd5 17. Ngxe4 Nxc3 18. Nxc3 Bxg2+ 19. Kxg2 Ng6 20. Ne4 Rd5
21. Bd2 Nh4+ 22. Kh1 Nf3 23. Bc3 Bd4 24. Bxd4 Rxd4 25. Nc5 Rb6 26. Rad1 g6 27.
Rxd4 Nxd4 28. Rd1 Nf3 29. Rd8+ Kg7 30. Nd7 Rd6 0-1

[Event "Battle At The Border"]
[Site "Lloydminster CAN"]
[Date "2010.09.05"]
[Round "4.3"]
[White "Yoos, John"]
[Black "Gardner, Robert"]
[Result "1-0"]
[WhiteElo "2444"]
[BlackElo "2309"]
[PlyCount "55"]
[EventDate "2010.09.04"]
[EventType "swiss"]
[EventRounds "5"]
[EventCountry "CAN"]

1. e4 d6 2. d4 Nf6 3. Nc3 g6 4. Be3 Bg7 5. Nf3 O-O 6. Qd2 a6 7. Bh6 b5 8. Bd3
Bb7 9. Bxg7 Kxg7 10. e5 Nd5 11. Ne4 f6 12. h4 fxe5 13. Neg5 Qc8 14. h5 Nf4 15.
hxg6 h6 16. O-O-O hxg5 17. Rh7+ Kf6 18. dxe5+ dxe5 19. Nxe5 Nxd3+ 20. Qxd3 Qf5
21. g7 Qf4+ 22. Kb1 Rg8 23. Rh6+ Kxe5 24. Re1+ Qe4 25. Rxe4+ Bxe4 26. Qg3+ Kd4
27. Qc3+ Kd5 28. Qb3+ 1-0

[Event "Battle At The Border"]
[Site "Lloydminster CAN"]
[Date "2010.09.05"]
[Round "4.6"]
[White "Razzaq, Ali"]
[Black "Yam, Alex"]
[Result "1-0"]
[WhiteElo "1975"]
[BlackElo "2222"]
[PlyCount "47"]
[EventDate "2010.09.04"]
[EventType "swiss"]
[EventRounds "5"]
[EventCountry "CAN"]

1. d4 Nf6 2. Nf3 c5 3. e3 g6 4. Nc3 Bg7 5. dxc5 Qa5 6. Qd4 Nc6 7. Qc4 b6 8.
cxb6 Nb4 9. Qb3 axb6 10. Bd2 Qc5 11. a3 O-O 12. Be2 Nbd5 13. O-O Bb7 14. Rfd1
Rfc8 15. Rac1 Bc6 16. Ne5 Nxc3 17. Bxc3 Bd5 18. Nxd7 Bxb3 19. Nxc5 Rxc5 20.
cxb3 Rac8 21. Ba6 R8c7 22. Rd8+ Bf8 23. Rcd1 Ne4 24. Rxf8+ 1-0

[Event "Battle At The Border"]
[Site "Lloydminster CAN"]
[Date "2010.09.05"]
[Round "4.7"]
[White "Rekhson, Vladislav"]
[Black "Danner, Jason"]
[Result "1-0"]
[WhiteElo "2179"]
[BlackElo "1630"]
[PlyCount "65"]
[EventDate "2010.09.04"]
[EventType "swiss"]
[EventRounds "5"]
[EventCountry "CAN"]

1. e4 c5 2. Nf3 d6 3. d4 cxd4 4. Qxd4 a6 5. c4 Nf6 6. Nc3 Nc6 7. Qd3 g6 8. Be2
Bg7 9. O-O O-O 10. h3 Be6 11. Be3 Rc8 12. Nd5 Nd7 13. Rac1 Nde5 14. Nxe5 Nxe5
15. Qd2 Re8 16. f4 Nd7 17. b4 Nf6 18. Bf3 Bxd5 19. exd5 Qd7 20. c5 dxc5 21.
bxc5 Red8 22. Rfd1 h5 23. Qb4 Ne8 24. Kh1 Rc7 25. c6 bxc6 26. dxc6 Qc8 27. Qa5
Rxd1+ 28. Rxd1 Nd6 29. Bb6 Nc4 30. Bxc7 Nxa5 31. Rd8+ Qxd8 32. Bxd8 Bc3 33. c7
1-0

[Event "Battle At The Border"]
[Site "Lloydminster CAN"]
[Date "2010.09.05"]
[Round "4.8"]
[White "Daniluk, Jim"]
[Black "Yearwood, Roy"]
[Result "1-0"]
[WhiteElo "2022"]
[BlackElo "2162"]
[PlyCount "53"]
[EventDate "2010.09.04"]
[EventType "swiss"]
[EventRounds "5"]
[EventCountry "CAN"]

1. d4 f5 2. Nc3 d5 3. e4 dxe4 4. Bc4 e6 5. h4 Nf6 6. Nh3 c6 7. Nf4 Qd6 8. a4 g6
9. O-O Bg7 10. g3 Ng4 11. Nce2 e5 12. dxe5 Qxd1 13. Rxd1 Nxe5 14. Be6 Na6 15.
Kg2 Nc7 16. Bb3 Ng4 17. Nd4 Ke7 18. f3 Bxd4 19. Rxd4 exf3+ 20. Kxf3 c5 21. Nd5+
Nxd5 22. Rxd5 h6 23. Bf4 b6 24. Re1+ Kf8 25. Rd8+ Kg7 26. Re7+ Kf6 27. Rf7# 1-0

[Event "Battle At The Border"]
[Site "Lloydminster CAN"]
[Date "2010.09.05"]
[Round "4.10"]
[White "Blum, Roger"]
[Black "Achtemichuk, Chris"]
[Result "1-0"]
[WhiteElo "1973"]
[BlackElo "1730"]
[PlyCount "71"]
[EventDate "2010.09.04"]
[EventType "swiss"]
[EventRounds "5"]
[EventCountry "CAN"]

1. c4 e5 2. Nc3 Nf6 3. d3 b6 4. Nf3 Nc6 5. e4 Bb4 6. Be2 d6 7. h3 Nh5 8. O-O
Nf4 9. Bxf4 exf4 10. Nd5 g5 11. Nxb4 Nxb4 12. Qa4+ Bd7 13. Qxb4 Qe7 14. e5
O-O-O 15. Rfe1 c5 16. Qc3 h5 17. exd6 Qxd6 18. Qe5 Qxe5 19. Nxe5 Be6 20. Rad1
Kc7 21. b3 Rh6 22. Bf3 a6 23. d4 cxd4 24. Nc6 Rg8 25. Nxd4 g4 26. Nxe6+ fxe6
27. hxg4 hxg4 28. Be4 Rgh8 29. Kf1 Rh5 30. Ke2 Re5 31. f3 g3 32. Rh1 Rf8 33.
Rh7+ Kc8 34. Ra7 Rf6 35. Rh1 Kb8 36. Rb7+ 1-0

[Event "Battle At The Border"]
[Site "Lloydminster CAN"]
[Date "2010.09.05"]
[Round "4.11"]
[White "Janzen, Tyler"]
[Black "Zeggelaar, Mike"]
[Result "0-1"]
[WhiteElo "1694"]
[BlackElo "1972"]
[PlyCount "133"]
[EventDate "2010.09.04"]
[EventType "swiss"]
[EventRounds "5"]
[EventCountry "CAN"]

1. d4 Nf6 2. c4 c5 3. d5 e6 4. Nc3 exd5 5. cxd5 d6 6. e4 g6 7. Bd3 Bg7 8. h3
Nbd7 9. Nf3 a6 10. a4 O-O 11. O-O Re8 12. Bf4 Qe7 13. Qe2 Nh5 14. Bh2 Ne5 15.
Nxe5 Bxe5 16. Bxe5 Qxe5 17. Qf3 Nf4 18. Bc2 Qf6 19. Kh1 Qg5 20. Qg3 Qxg3 21.
fxg3 Nh5 22. Rf3 g5 23. Kh2 Bd7 24. a5 g4 25. hxg4 Bxg4 26. Rf2 Bd7 27. Na4
Bxa4 28. Rxa4 Rab8 29. Bd1 Ng7 30. Rf6 Red8 31. Be2 Ne8 32. Rf2 Rd7 33. Ra3 Re7
34. Rf4 b5 35. axb6 Rxb6 36. b3 Reb7 37. Bc4 Nc7 38. Rg4+ Kf8 39. Rh4 Nb5 40.
Bxb5 axb5 41. Ra8+ Ke7 42. Rxh7 c4 43. bxc4 b4 44. Ra2 b3 45. Rb2 Rc7 46. g4
Rxc4 47. Rh3 Rxe4 48. Rbxb3 Rxb3 49. Rxb3 Rd4 50. Rb7+ Kf6 51. Rb5 Ke5 52. Kg3
Rd3+ 53. Kf2 Rxd5 54. Rxd5+ Kxd5 55. Ke3 Ke5 56. g3 f6 57. Kd3 d5 58. Ke3 d4+
59. Kd3 Kd5 60. Kd2 Ke4 61. Ke2 d3+ 62. Kd2 Kd4 63. Kd1 Ke3 64. Ke1 d2+ 65. Kd1
Kd3 66. g5 fxg5 67. g4 0-1

[Event "Battle At The Border"]
[Site "Lloydminster CAN"]
[Date "2010.09.05"]
[Round "4.12"]
[White "Bentley, Bill"]
[Black "Drury, Jonathan"]
[Result "1-0"]
[WhiteElo "1891"]
[BlackElo "1593"]
[PlyCount "91"]
[EventDate "2010.09.04"]
[EventType "swiss"]
[EventRounds "5"]
[EventCountry "CAN"]

1. d4 e6 2. Nf3 Nf6 3. e3 c5 4. Bd3 Nc6 5. O-O a6 6. Nbd2 b5 7. c4 Bb7 8. cxb5
axb5 9. Bxb5 cxd4 10. exd4 Qb6 11. Qb3 Na5 12. Qd3 Nd5 13. a4 Rc8 14. Ne5 Rc7
15. Ndc4 Nxc4 16. Nxc4 Qa7 17. Rd1 Be7 18. Qg3 Ba6 19. Bxa6 Qxa6 20. Ne3 Qe2
21. Bd2 Nxe3 22. Qxe3 Qh5 23. Qe5 Qxe5 24. dxe5 Rc2 25. Bc3 Bc5 26. Rd2 Rxd2
27. Bxd2 Bd4 28. Bc3 Bxc3 29. bxc3 Ke7 30. a5 d6 31. exd6+ Kxd6 32. Kf1 Kc5 33.
Ke2 Ra8 34. Kd3 Rd8+ 35. Kc2 Kb5 36. Kb3 Ka6 37. Ra2 Rd5 38. Kc4 f5 39. Re2
Kxa5 40. Rxe6 Rd2 41. Re5+ Kb6 42. Rxf5 Rd7 43. h4 g6 44. Rf6+ Kc7 45. Kc5 Kd8
46. Rd6 1-0

[Event "Battle At The Border"]
[Site "Lloydminster CAN"]
[Date "2010.09.05"]
[Round "4.13"]
[White "Chaisson, Terry"]
[Black "Reynoldson, Nigel"]
[Result "1-0"]
[WhiteElo "1780"]
[BlackElo "1302"]
[PlyCount "147"]
[EventDate "2010.09.04"]
[EventType "swiss"]
[EventRounds "5"]
[EventCountry "CAN"]

1. e4 e5 2. Nf3 Nc6 3. Bb5 a6 4. Ba4 Nf6 5. O-O Be7 6. Re1 d6 7. c3 O-O 8. h3
b5 9. Bc2 Na5 10. d3 c5 11. Nbd2 Qc7 12. Nf1 Rb8 13. Ne3 b4 14. c4 Nc6 15. b3
h6 16. Bb2 a5 17. Qd2 Be6 18. Bd1 Nh7 19. Nh2 Bg5 20. Bg4 Rfe8 21. Qd1 Nf6 22.
g3 Bxg4 23. Nhxg4 Ne7 24. Ng2 Nxg4 25. Qxg4 Qc8 26. Qxc8 Rbxc8 27. f4 Bf6 28.
Ne3 exf4 29. Bxf6 fxe3 30. Bxe7 Rxe7 31. Re2 Ra8 32. a3 Rb8 33. a4 Rbe8 34.
Rae1 Re5 35. Kg2 R8e6 36. Rf1 g6 37. Rxe3 f5 38. Ref3 Kg7 39. g4 Rf6 40. gxf5
gxf5 41. exf5 Re2+ 42. R3f2 Re3 43. Rd1 Re5 44. d4 Rexf5 45. Rxf5 Rxf5 46. dxc5
dxc5 47. Rd6 Rf6 48. Rd5 Rc6 49. Kf3 Kf7 50. Ke4 Ke7 51. Re5+ Kd6 52. h4 Rc7
53. Rh5 Re7+ 54. Kd3 Re6 55. Rd5+ Kc6 56. Rf5 Kd6 57. h5 Kc6 58. Rf4 Kd6 59.
Rf7 Kc6 60. Rg7 Kd6 61. Ra7 Kc6 62. Ra6+ Kd7 63. Rxe6 Kxe6 64. Ke4 Kf6 65. Kd5
Kg5 66. Kxc5 Kxh5 67. Kb5 Kg5 68. c5 h5 69. c6 h4 70. c7 h3 71. c8=Q Kh4 72.
Kxa5 Kg3 73. Kxb4 h2 74. Qc7+ 1-0

[Event "Battle At The Border"]
[Site "Lloydminster CAN"]
[Date "2010.09.06"]
[Round "5.4"]
[White "Willis, Bradley"]
[Black "MacKinnon, Keith"]
[Result "1/2-1/2"]
[WhiteElo "2130"]
[BlackElo "2300"]
[PlyCount "54"]
[EventDate "2010.09.04"]
[EventType "swiss"]
[EventRounds "5"]
[EventCountry "CAN"]

1. d4 Nf6 2. Nf3 e6 3. e3 b6 4. Bd3 Bb7 5. Nbd2 c5 6. O-O Be7 7. b3 O-O 8. Bb2
Nc6 9. a3 Rc8 10. Rc1 Rc7 11. c4 Qc8 12. Bb1 Na5 13. e4 cxd4 14. Nxd4 d6 15. f4
Nc6 16. Nxc6 Bxc6 17. e5 Ne8 18. Qh5 g6 19. Qh6 Qa8 20. Rc3 dxe5 21. Rg3 Bc5+
22. Kh1 f6 23. fxe5 f5 24. b4 Be7 25. h4 Qd8 26. h5 Bh4 27. Rd3 Qg5 1/2-1/2

[Event "Battle At The Border"]
[Site "Lloydminster CAN"]
[Date "2010.09.06"]
[Round "5.5"]
[White "Gardner, Robert"]
[Black "Razzaq, Ali"]
[Result "1-0"]
[WhiteElo "2309"]
[BlackElo "1975"]
[PlyCount "37"]
[EventDate "2010.09.04"]
[EventType "swiss"]
[EventRounds "5"]
[EventCountry "CAN"]

1. d4 d5 2. c4 c6 3. Nf3 Nf6 4. Nc3 e6 5. e3 Nbd7 6. Qc2 Bd6 7. g4 Nxg4 8. Rg1
Ngf6 9. Rxg7 a6 10. Bd2 h6 11. O-O-O Rg8 12. Rxg8+ Nxg8 13. e4 Qf6 14. Be2 dxe4
15. Nxe4 Qe7 16. Rg1 Ngf6 17. Bxh6 Kd8 18. Bg5 Kc7 19. Ne5 1-0